Important rubber disease control measurement not to spread in Thailand (Record no. 60813)

MARC details
000 -LEADER
fixed length control field 00381nam a2200133Ia 4500
100 ## - MAIN ENTRY--AUTHOR NAME
Personal name Susaevee Punpitchaya
245 #0 - TITLE STATEMENT
Title Important rubber disease control measurement not to spread in Thailand
260 ## - PUBLICATION, DISTRIBUTION, ETC. (IMPRINT)
Name of publisher Rubber International Magazine
Year of publication 2006
300 ## - PHYSICAL DESCRIPTION
Number of Pages 48-50
650 ## - SUBJECT ADDED ENTRY--TOPICAL TERM
Topical Term Rubber disease
650 ## - SUBJECT ADDED ENTRY--TOPICAL TERM
Topical Term Thailand
942 ## - ADDED ENTRY ELEMENTS (KOHA)
Koha item type Journals
Holdings
Withdrawn status Lost status Damaged status Not for loan Home library Current library Shelving location Date acquired Serial Enumeration / chronology Koha item type
      Journals RRII Library RRII Library Mycology 17/10/2006 Volume 8, Issue 9 Journals